Vyhláška Ministerstva hospodárstva Slovenskej republiky č. 545/2002 Z.z. ...

Vyhláška Ministerstva hospodárstva Slovenskej republiky č. 545/2002 Z.z. z 9. augusta 2002 o spôsobe označovania výrobkov cenami a Dôvodová správa k tejto vyhláške. Cieľom vyhlášky je zabezpečiť, aby predávajúci poskytovali informácie, týkajúce sa cien, čím sa dosiahne vyššia ochrana spotrebiteľa pr...

Descrizione completa

Salvato in:
Dettagli Bibliografici
Natura: Capitolo di libro
Lingua:slovacco
Soggetti:
Tags: Aggiungi Tag
Nessun Tag, puoi essere il primo ad aggiungerne!!

MARC

LEADER 00000naa a2200000 4500
001 r046932
005 20230927070921.6
041 0 |a slo 
044 |a SK 
245 1 0 |a Vyhláška Ministerstva hospodárstva Slovenskej republiky č. 545/2002 Z.z. ... 
520 |a Vyhláška Ministerstva hospodárstva Slovenskej republiky č. 545/2002 Z.z. z 9. augusta 2002 o spôsobe označovania výrobkov cenami a Dôvodová správa k tejto vyhláške. Cieľom vyhlášky je zabezpečiť, aby predávajúci poskytovali informácie, týkajúce sa cien, čím sa dosiahne vyššia ochrana spotrebiteľa pri predaji výrobkov, zlepšenie jeho informovanosti a umožnenie jednoduchého porovnávania cien výrobkov. 
610 2 0 |a ceny predajné 
610 2 0 |a výrobky 
610 2 0 |a ochrana spotrebiteľa 
610 2 0 |a vyhlášky 
610 2 0 |a Slovensko 
610 2 0 |a 2002